BİSİKLETLİ TAKİP (Record no. 986489)
[ view plain ]
| 000 -LEADER | |
|---|---|
| sabit uzunluktaki kontrol alanı | 00248nam a2200097Ia 4500 |
| 001 - KONTROL NUMARASI | |
| kontrol alanı | 986489 |
| 005 - EN SON İŞLEMİN TARİH VE ZAMANI | |
| kontrol alanı | 20250826221102.0 |
| 008 - SABİT-UZUNLUKTA VERİ ÖĞELERİ--GENEL BİLGİ | |
| sabit uzunluktaki kontrol alanı | 250824s9999 xx 000 0 und d |
| 245 #0 - ESER / YAZAR | |
| ESER ADI | BİSİKLETLİ TAKİP |
| Yazar Adı | ARTHUR CONAN DOYLE |
| 260 ## - YAYIN, DAĞITIM, VB. | |
| YAYIN EVİ | DOKUZ YAYINCILIK |
| Düşüm durumu | Kayıp durumu | Hasar Durumu | Ödünç verilmez | Ana kütüphane | Geçerli Kütüphane | Edinilen tarih | Toplam ödünç verme sayısı | Barkod | Son görüntüleme tarihi | Son ödünç verme tarihi | Fiyatın geçerli olmaya başladığı tarih | Koha materyal türü |
|---|---|---|---|---|---|---|---|---|---|---|---|---|
| SELÇUKLU FEN LİSESİ | SELÇUKLU FEN LİSESİ | 24.08.2025 | 3 | 10303617 | 27.02.2026 | 04.12.2025 | 26.08.2025 | Books |